Biggest Cities in Qatar - Statistics

General Stats
  • This quiz has been taken 130 times
    88 since last reset
  • The average score is 2 of 10
Answer Stats
Population City % Correct
344,939 Doha
100%
272,465 Ar Rayyan
25%
26,436 Al Wakrah
18%
7,250 Dukhan
8%
18,923 Al Kahwr
3%
5,146 Al Wukayr
3%
8,380 Ash Shihaniyah
3%
5,267 Madinat ash Shamal
3%
5,769 Musayid
3%
29,391 Um Salal Muhammad
3%
No matching quizzes found
Score Distribution
Percent of People with Each Score
Percentile by Number Answered
Your Score History
You have not taken this quiz since the last reset